00593nam a22002177a 450000500170000001000110001702000100002803500110003803700160004904000120006508200130007710000240009024500610011424600060017526000430018127000390022430000260026350000510028965000130034065000220035320170124105941.0 a959168 c70.00 a959168 bCen Lib/Ret aDPLbEN a240bJAI aJaini, Padmanabh S. aThe jaina path of purification /cby Padmanabh S. Jaini  b  bMotilal Banarasidas c1979aNew Delhi  bNew Delhi aJawahar nagar e110007 axiii, 370p.c20cm(Hb) aIncludes bibliographical references and index  aJainism  aJaina traditions